Statistics for Netflix Shows and Films

Click here to take the quiz!

General Stats

  • This quiz has been taken 575 times
  • The average score is 4 of 11

Answer Stats

HintAnswer% Correct
Teacher starts a Meth-LabBreaking Bad
88%
Blonde Girl Goes Behind BarsOrange is the New Black
66%
Tom Hanks waits for His BusForrest Gump
52%
Whip becomes PresidentHouse of Cards
41%
Will Ferrel Fights with his new Family MemberStep Brothers
34%
Drug Dealer Practices LawSuits
27%
You Bumder!The Inbetweeners
21%
Adam Sandler Makes up a Whole New FamilyJust Go With It
18%
Hitler Lives his Last DaysDownfall
6%
Ex-Gangster Moves to NorwayLillyhammer
5%
Mankind's Worst Evil in a ShowAmerican Horror Story
3%

Score Distribution

Percentile by Number Answered

Percent of People with Each Score

Your Score History

You have not taken this quiz